Manual de actividades acuáticas en la infancia: para bebés y niños de hasta seis años
Bewaard in:
| Hoofdauteurs: | , , |
|---|---|
| Formaat: | Boek |
| Taal: | Spaans |
| Gepubliceerd in: |
Barcelona
Paidós
2004
|
| Reeks: | Educación Física, 50
|
| Onderwerpen: | |
| Tags: |
Voeg label toe
Geen labels, Wees de eerste die dit record labelt!
|
MARC
| LEADER | 00000nam a2200000 a 4500 | ||
|---|---|---|---|
| 001 | UCK4231 | ||
| 003 | CL-VaPUC | ||
| 008 | 050527e20040000SP |||||||||||||||||spa|d | ||
| 020 | |a 8449316146 | ||
| 082 | 0 | 4 | |a 797.21 |b MOR |2 21 |
| 100 | |a Moreno Murcia, Juan Antonio |e author |9 491454 | ||
| 700 | 0 | |a Pena, Lydia |e author |9 492718 | |
| 700 | 0 | |a Castillo, María del |e author |9 492719 | |
| 245 | 1 | 0 | |a Manual de actividades acuáticas en la infancia: para bebés y niños de hasta seis años |
| 300 | |a 221 p | ||
| 942 | |c BK | ||
| 945 | |d 20050527 00:00:00 |a cmena | ||
| 260 | |a Barcelona |b Paidós |c 2004 | ||
| 650 | 7 | |a NATACION PARA NIÑOS |2 CL-VaPUC |9 309668 | |
| 650 | 7 | |a NATACION PARA BEBES |2 CL-VaPUC |9 312556 | |
| 650 | 0 | |a Actividades acuáticas |9 384701 | |
| 650 | 0 | |a Actividades recreativas |9 807627 | |
| 583 | |a last modification |c 20050527 00:00:00 |k Rodrigo Vera | ||
| 490 | 0 | |a Educación Física, 50 | |
| 999 | |c 313170 |d 313168 | ||
| 952 | |0 0 |1 0 |4 0 |6 797_210000000000000_MOR_2004 |7 0 |8 A |9 384272 |a BIBEDU |b BIBEDU |d 2019-11-22 |i 4131142 |o 797.21 MOR 2004 |p 4131142 |r 2019-11-22 |w 2019-11-22 |y BK |k EFI | ||